Money and monuments (Record no. 78301)

MARC details
000 -LEADER
fixed length control field 00853cab a2200193 4500
001 - CONTROL NUMBER
control field L136453
008 - FIXED-LENGTH DATA ELEMENTS--GENERAL INFORMATION
fixed length control field 070201n2007 000 0 eng u
035 ## - SYSTEM CONTROL NUMBER
System control number (Sirsi) u136453
041 0# - LANGUAGE CODE
Language code of text/sound track or separate title eng
100 1# - MAIN ENTRY--PERSONAL NAME
Personal name Smith, Philip
245 00 - TITLE STATEMENT
Title Money and monuments
260 ## - PUBLICATION, DISTRIBUTION, ETC.
Date of publication, distribution, etc. 2007
490 #0 - SERIES STATEMENT
Series statement Accountancy
Volume/sequential designation 139(1362) February 2007, 22-25(4)
520 ## - SUMMARY, ETC.
Summary, etc. Discusses how historical and ancient assets can be accounted for under new accountancy reporting standards. Argues that it may not be possible to put a realistic price on such assets as Stonehenge, the Elgin Marbles or work by Renaissance masters, and that the cost of valuation may be prohibitively high for organisations with large collections.
590 ## - LOCAL NOTE (RLIN)
Local note KA
651 #4 - SUBJECT ADDED ENTRY--GEOGRAPHIC NAME
Geographic name United Kingdom
Chronological subdivision
690 ## - LOCAL SUBJECT ADDED ENTRY--TOPICAL TERM (OCLC, RLIN)
Topical term or geographic name as entry element BUILT ENVIRONMENT-BUILDING TYPES-HISTORIC BUILDINGS AND ANCIENT MONUMENTS
942 ## - ADDED ENTRY ELEMENTS (KOHA)
Suppress in OPAC 0
Holdings
Withdrawn status Lost status Source of classification or shelving scheme Damaged status Not for loan Home library Current library Shelving location Date acquired Total Checkouts Full call number Barcode Date last seen Copy number Price effective from Koha item type
    Dewey Decimal Classification     London London Journal article 01/02/2007   L136453 136453-1001 06/08/2019 1 06/08/2019 Journal article